Building and engineering claims (Record no. 85968)

MARC details
000 -LEADER
fixed length control field 00444cam a2200193 4500
001 - CONTROL NUMBER
control field D6918
008 - FIXED-LENGTH DATA ELEMENTS--GENERAL INFORMATION
fixed length control field 090401t1980 xxu||||| |||| 00| 0 eng d
035 ## - SYSTEM CONTROL NUMBER
System control number (Sirsi) u3914
041 ## - LANGUAGE CODE
Language code of text/sound track or separate title eng
050 ## - LIBRARY OF CONGRESS CALL NUMBER
Classification number 692.8
100 ## - MAIN ENTRY--PERSONAL NAME
Personal name Major, W.T.
245 ## - TITLE STATEMENT
Title Building and engineering claims
260 ## - PUBLICATION, DISTRIBUTION, ETC.
Place of publication, distribution, etc. London
Name of publisher, distributor, etc. Oyez Publishing
Date of publication, distribution, etc. 1980
300 ## - PHYSICAL DESCRIPTION
Extent xix. 108p. 22cm
350 ## - PRICE (NR) (BK AM CF MU VM SE) [OBSOLETE]
Price 8.5
700 ## - ADDED ENTRY--PERSONAL NAME
Personal name Ranson, A.
942 ## - ADDED ENTRY ELEMENTS (KOHA)
Suppress in OPAC 0
948 ## - LOCAL PROCESSING INFORMATION (OCLC); SERIES PART DESIGNATOR (RLIN)
c (OCLC) 04/03/1997
Holdings
Withdrawn status Lost status Source of classification or shelving scheme Damaged status Not for loan Home library Current library Shelving location Date acquired Cost, normal purchase price Total Checkouts Full call number Barcode Date last seen Date last checked out Copy number Cost, replacement price Price effective from Koha item type
    Dewey Decimal Classification     London London Books 07/08/1991 8.50 14 692.8 30002788 06/08/2019 14/03/2008 1 8.50 06/08/2019 Book
    Dewey Decimal Classification     London London Books 14/09/1999 8.50 4 692.8 30031807 06/08/2019 13/06/2003 2 8.50 06/08/2019 Book